| 000 | 00379nam a2200109Ia 4500 | ||
|---|---|---|---|
| 008 | 171204s9999 xx 000 0 und d | ||
| 245 | _aWebgl Textures: Introduction To Mipmaps, Sub Images & Atlases: Online 3D Media with WebGL Book 2 | ||
| 245 | _cA. Butler | ||
| 260 | _c2015 | ||
| 650 | _xAdvanced 3D Computer Animation | ||
| 856 | _uhttp://down.ebook777.com/005/B0107LUYLQ-2.pdf | ||
| 999 |
_c346248 _d346248 |
||